书目信息 |
| 题名: |
现代汉语逻辑初探
|
|
| 作者: | 陈宗明 著 | |
| 分册: | ||
| 出版信息: | 北京 三联书店 1979 |
|
| 页数: | 180页 | |
| 开本: | 19cm | |
| 丛书名: | ||
| 单 册: | ||
| 中图分类: | H109.4 , H1 | |
| 科图分类: | ||
| 主题词: | 汉语-逻辑 , 逻辑-汉语 | |
| 电子资源: | ||
| ISBN: | ||
| 000 | 00611nam0 2200241 45 | |
| 001 | 1571129687 | |
| 005 | 20150124194554.00 | |
| 010 | @dCNY0.41 | |
| 091 | @aCN@b2002.230 | |
| 100 | @a19950717d1979 emky0chiy0121 ea | |
| 101 | 0 | @achi |
| 102 | @aCN@b110000 | |
| 105 | @ay z 000yy | |
| 200 | 10 | @a现代汉语逻辑初探@Axian dai han yu luo ji chu tan@f陈宗明著 |
| 210 | @a北京@c三联书店@d1979 | |
| 215 | @a180页@d19cm | |
| 606 | @a汉语-逻辑 | |
| 606 | @a逻辑-汉语 | |
| 690 | @aH109.4@v3 | |
| 690 | @aH1@v4 | |
| 701 | 0 | @a陈宗明@Achen zong ming@4著 |
| 801 | 0 | @aCN@bTSSF@c20150124 |
| 905 | @aZUCC@dH1@eJY38 | |
| 现代汉语逻辑初探/陈宗明著.-北京:三联书店,1979 |
| 180页;19cm |
| ISBN :CNY0.41 |
| ● |
| 相关链接 |
|
|
|
|
正题名:现代汉语逻辑初探
索取号:H1/JY38
 
预约/预借
| 序号 | 登录号 | 条形码 | 馆藏地/架位号 | 状态 | 备注 |
| 1 | 7843739 | 278437390 | 学院路分馆/ [索取号:H1/JY38] | 在馆 |